000 01869nam0a2200349 4500
001 RU\NLR\BIBL_A\011323728
005 20260408202436.0
010 _a978-5-9710-4254-9
021 _aRU
_b2017-1473
_9108
035 _a(NLR Aleph) 011323728
090 _a11094542
_c11094542
100 _a20170209e20161889|||y0rusy50 ca
101 0 _arus
102 _aRU
105 _aac||z|||000zy
200 1 _aОчерки по истории запорожских казаков и Новороссийского края
_fД.И. Эварницкий
205 _aИзд 2-е, [стер.
_bрепр. по изд.: СПб, 1889]
210 _aМосква
_cURSS
_cЛЕНАНД
_d2016
_d(макет 2017)
215 _aIV, [195] с.
_cил., портр.
_d22
225 1 _aАкадемия фундаментальных исследований: история
300 _aНа 4-й с. обл. авт.: Д.И. Эварницкий, историк, археолог, этнограф
455 0 _12001#$aОчерки по истории запорожских казаков и Новороссийского края
_1210##$aСанкт-Петербург$cТипография И.Н. Скороходова$d1889
_tОчерки по истории запорожских казаков и Новороссийского края
601 0 2 _aЗапорожское войско
_xИстория
_92559573
_3RU\NLR\AUTH\661514149
607 _aНовороссия, историческая область
_xИстория
_3RU\NLR\AUTH\661501744
_92535885
686 1 _aТ3(2Ук7)0,02
686 1 _aТ3(2Ук)4-294.1
686 1 _aЦ59,8(2)2-13
700 1 _8rus
_7ca
_aЭварницкий
_bД. И.
_f1855-1940
_gДмитрий Иванович
_3RU\NLR\AUTH\7716005
_9125650
942 _cBOOK
980 _aNB